Statistics for Countries with two S's

Click here to take the quiz!

General Stats

  • This quiz has been taken 265 times
    (210 since last reset)
  • The average score is 5 of 10

Answer Stats

Country% Correct
Russia
78%
South Sudan
57%
Seychelles
54%
St Kitts and Nevis
52%
United States
52%
St Vincent and the Grenadines
50%
Solomon Islands
48%
Marshall Islands
44%
Guinea-Bissau
34%
Federated States of Micronesia
26%

Score Distribution

Percentile by Number Answered

Percent of People with Each Score

Your Score History

You have not taken this quiz since the last reset